00698nam a2200181Ia 4500008004100000082001500041100003700056245015300093260003700246300001600283520001100299650002100310650002700331700002300358942001300381999001900394952010300413230925s9999||||xx |||||||||||||| ||und|| a621.11 HAS aHassan, Taymoor (319861)9118267 0aDesigning a Solar Cooking System Integrated with PCM (Phase Change Material): Modelling and Economic Feasibility for Rural Communities of Pakistan / bUSPCAS-E, NUST,Islamabad :c2023 axiii, 92 p. aTH-487 vMS Thesis918721 vMS-TEE Thesis 9116575 aDr. Mariam Mahmood cTHE2ddc c603234d603234 00102ddc4070aCAS-EbCAS-Ed2023-08-07o621.11 HASpCAS-ETH0000487r2023-09-25w2023-09-25yTHE